000 00642nam a2200181Ia 4500
008 100920s9999 xx 000 0 und d
082 _b13658
_a28 व 539 थ 62
100 _aवष्ट ब.ल.
245 _aशरीरमाद्यम्र.
260 _bवोरा ऍण्ड कंपनी पब्लिशर्स प्रा. लि., मंुबई 2.
_c1962
300 _a40
_bसाधी
365 _b0.75
520 _aबा.वि.शाअ.
630 _aशरीरमाद्यम्र.
650 _aबा.वि.शाअ.
730 _aशरीरमाद्यम्र.
942 _cBOOK
999 _c678031
_d678028